Housing finance system in India (Record no. 26788)

000 -LEADER
fixed length control field 00388pab a2200145 454500
008 - FIXED-LENGTH DATA ELEMENTS--GENERAL INFORMATION
fixed length control field 180718b xxu||||| |||| 00| 0 eng d
100 ## - MAIN ENTRY--PERSONAL NAME
Personal name Basu D.N.
245 ## - TITLE STATEMENT
Title Housing finance system in India
362 ## - DATES OF PUBLICATION AND/OR SEQUENTIAL DESIGNATION
Dates of publication and/or sequential designation 13(1), Jan-Jun 1993, p.36-50
650 ## - SUBJECT ADDED ENTRY--TOPICAL TERM
Topical term or geographic name entry element Shelter -- Finance -- India
650 ## - SUBJECT ADDED ENTRY--TOPICAL TERM
Topical term or geographic name entry element Housing -- Finance -- India
700 ## - ADDED ENTRY--PERSONAL NAME
Personal name Mehta V.K.
773 ## - HOST ITEM ENTRY
Main entry heading Urban India
909 ## -
-- 26788
Holdings
Withdrawn status Lost status Damaged status Not for loan Permanent Location Current Location Date acquired Barcode Date last seen Price effective from Koha item type
        Indian Institute of Public Administration Indian Institute of Public Administration 2018-07-19 AR26890 2018-07-19 2018-07-19 Articles

Powered by Koha